| 000 | 00629nam a2200181 a 4500 | ||
|---|---|---|---|
| 001 | 000031005 | ||
| 005 | 20251120073733.0 | ||
| 008 | 081031s2011 dr r 000 0 spa d | ||
| 020 | _a9789945879018 | ||
| 040 |
_aDO-SdBNP _bspa _cBNPHU |
||
| 082 |
_axxxx _bL732f |
||
| 100 | 1 |
_aLima Jiménez, Dinorah de _957509 |
|
| 245 | 1 | 0 |
_aFormación de docentes y alfabetización : _bun estudio de casos. |
| 260 |
_aSanto Domingo : _bBúho, _c2011. |
||
| 300 |
_a95 p. ; _c23 cm. |
||
| 710 | 2 |
_aCentro de Investigación en Educación y Desarrollo Humano, CIEDHUMANO _957510 |
|
| 710 | 2 |
_aPontificia Universidad Católica Madre y Maestra _9843 |
|
| 999 |
_c30497 _d30497 |
||